000 00264nam a22000857a 4500
008 240516b ||||| |||| 00| 0 eng d
100 _aRobert A Siegel
245 _aJenny 95 - The highest graded example of the 1918 24-cent inverted jenny
650 _aInverted Jenny|Jenny
999 _c3596
_d3596